000 01368nam a2200349 4500
001 30165
003 BD-RjUL
005 20211209051525.0
008 140409s1888 enk 001 0 eng d
035 _a(BD-RjUL)30250
040 _aMississippi. Univ. Libr
_cKSU
_dm.c
_dIAY
_dBD-RjUL
_beng
041 1 _aeng
_hger
082 _a160
_bLOL 1888
100 1 _aLotze, Hermann,
_d1817-1881.
_991726
245 1 0 _aLogic :
_bin three books, of thought, of investigation, and of knowledge /
_cHermann Lotze ; English translation, edited by Bernard Bosanquet.
250 _a2nd ed., in two volumes.
260 _aOxford :
_bClarendon Press,
_c1888.
300 _a2 v. ;
_c19 cm.
490 1 _aClarendon Press series
500 _aTranslated by R.L. Nettleship, F.H. Peters, F.C. Conybeare, R.G. Tatton, and the editor ; translation revised by the editor, with the assistance of J.C. Wilson.
500 _aTranslation of: System der Philosophie. Part 1.
500 _aHalf-title p.: "Lotze's System of philosophy. Part 1. Logic"
500 _aSpine title: Logic.
500 _aIncludes bibliographical footnotes and index.
650 0 _aLogic.
_991727
700 1 _aBosanquet, Bernard,
_d1848-1923.
_979466
740 0 _aLogic.
830 0 _aClarendon Press series
_957761
942 _2ddc
_cBK
999 _c30165
_d30165